Mystery Country #6 - Statistics

General Stats
  • This quiz has been taken 63 times
  • The average score is 6 of 8
Answer Stats
Hint Answer % Correct
Capital of Norway Oslo
100%
Longest river in South America Amazon
98%
Largest 4-letter country in Asia Iran
90%
Island where Greek civilization began Crete
86%
Country where most of Anatolia is located Turkey
80%
Smallest country in the proposed East African Federation Rwanda
71%
Capital of Paraguay (no accent needed) Asuncion
69%
MYSTERY COUNTRY CROATIA
53%
No matching quizzes found
Score Distribution
Percent of People with Each Score
Percentile by Number Answered
Your Score History
You have not taken this quiz